Výlet na Lomničák aj odhalené kolená prvej dámy Česka prezidentský summit V4 vo vysokých Tatrách

Bibliographic Details
Format: Article
Language:Slovak
PhysicalDescription:Fotogr.
ISSN:1335-4655
Subjects:

MARC

LEADER 00000nab a2200000 ar4500
001 vtls010437378
003 SK-MaSNL
005 20260426095214.0
008 120719c20120507xo mr|p|||||||000 b|slo
038 |a SNSK 
040 |b slo  |c SNSK  |e AACR2 
041 |a slo 
044 |a xo  |c SK 
080 |a 32-051  |2 2001 
080 |a 341.181  |x (437.67+343.3+438+439)  |x "2012"  |2 2001 
080 |a 351.88  |x (437.67+343.3+438+439)  |2 2001 
245 0 0 |a Výlet na Lomničák aj odhalené kolená prvej dámy Česka  |b prezidentský summit V4 vo vysokých Tatrách  |c [autor](mag, foto autor, KP SR) 
300 |b Fotogr. 
610 2 7 |a Vyšehradská skupina  |2 snkbucl  |9 183397 
648 7 |a 2012  |2 snsk  |9 326619 
650 0 7 |a summity  |2 snsk  |9 81437 
650 0 7 |a prezidenti  |2 snsk  |9 4128 
651 7 |a Štrbské Pleso (Štrba, Slovensko)  |2 snsk  |9 174790 
651 7 |a Poprad (Slovensko : okres)  |2 snsk  |9 28675 
651 7 |a Slovensko  |2 snsk  |9 14231 
651 7 |a Česko  |2 snsk  |9 16753 
651 7 |a Poľsko  |2 snsk  |9 16755 
651 7 |a Maďarsko  |2 snsk  |9 16754 
773 0 |t Nový Čas  |g Roč. 22, č. 105 (7.5.2012), s. 4-5  |x 1335-4655 
852 |a SNSK  |b KIS3GCP 
958 |a SK 
958 |a CZ 
958 |a PL 
958 |a HU 
999 |c 3159708  |d 3161638